Obchod súčasťou systému (1) o ceste produktu od výrobcu k spotrebiteľovi

Saved in:
Bibliographic Details
Main Author: Daňo, Ferdinand, 1959-
Format: Book Chapter
Language:Slovak
Tags: Add Tag
No Tags, Be the first to tag this record!

MARC

LEADER 00000naa a2200000 4500
001 0152017
005 20240502072721.2
041 0 |a slo 
044 |a SK 
245 1 0 |a Obchod súčasťou systému (1)  |b o ceste produktu od výrobcu k spotrebiteľovi  |c Ferdinand Daňo 
100 1 |a Daňo, Ferdinand, 1959-